|
|
|
|
| LEADER |
00000cam a2200000 a 4500 |
| 001 |
vtls001436859 |
| 003 |
SK-MaSNL |
| 005 |
20260301162816.0 |
| 008 |
240226s2001 xo a frn 100 0 slo |
| 015 |
|
|
|a SNBA2004/03-02593
|
| 020 |
|
|
|a 8022406872
|
| 035 |
|
|
|a SNK000391967
|
| 035 |
|
|
|a urn:nbn:sk:snk-am3irva
|
| 035 |
|
|
|a 582355F7-143E-4435-8C80-6518C6C0A055
|
| 035 |
|
|
|a urn:nbn:sk:snk-am00ffhd
|
| 040 |
|
|
|a SNK
|b slo
|c SNK
|e AACR2
|
| 041 |
0 |
|
|a slo
|a ita
|
| 043 |
|
|
|a ec-----
|a ee-----
|
| 044 |
|
|
|a xo
|c SK
|
| 072 |
|
7 |
|a 821.131.1.09
|x Talianska literatúra (o nej)
|2 konspekt
|
| 080 |
|
|
|a 821.131.1
|2 2011
|
| 080 |
|
|
|a 821.16
|2 2011
|
| 080 |
|
|
|a (062.534)
|2 2011
|
| 245 |
0 |
0 |
|a Giacomo Leopardi a slovanský svet
|c Dagmar Sabolová a kolektív autorov ; [preklad Dagmar Sabolová]
|
| 246 |
1 |
0 |
|a Giacomo Leopardi nel mondo slavo
|
| 250 |
|
|
|a 1. vyd.
|
| 260 |
|
|
|a Bratislava
|b Veda
|c 2001
|
| 300 |
|
|
|a 95 s., 101 s.
|b ilustr.
|c 24 cm
|
| 500 |
|
|
|a Súbežný názov a text taliansky
|
| 500 |
|
|
|a Konferencia "Giacomo Leopardi a slovanský svet" sa konala v Bratislave v roku 1999
|
| 500 |
|
|
|a Vydal Ústav svetovej literatúry SAV a Centro Nazionale Studi Leopardiani
|
| 500 |
|
|
|a Viazané zvratmo
|
| 504 |
|
|
|a Bibliografické odkazy. Poznámky
|
| 600 |
1 |
7 |
|a Leopardi, Giacomo,
|d 1798-1837
|2 SNKMA
|9 117910
|
| 648 |
|
7 |
|a 19. stor.
|2 SNKPH
|9 278793
|
| 650 |
0 |
7 |
|a talianska literatúra
|2 SNKPH
|9 1215
|
| 650 |
0 |
7 |
|a slovanské literatúry
|2 SNKPH
|9 3630
|
| 650 |
0 |
7 |
|a Italian literature
|2 SNKPHeng
|9 307832
|
| 650 |
0 |
7 |
|a Slavic literature
|2 SNKPHeng
|9 274089
|
| 655 |
|
7 |
|a zborníky konferencií
|2 SNKPH
|9 70153
|
| 655 |
|
7 |
|a Proceedings of conferences
|2 SNKPHeng
|9 265791
|
| 700 |
1 |
|
|a Sabolová-Princic, Dagmar,
|d 1959-
|4 trl
|9 153223
|
| 710 |
0 |
|
|a Slovenská akadémia vied.
|b Ústav svetovej literatúry
|4 pbl
|9 65343
|
| 710 |
0 |
|
|a Centro Nazionale Studi Leopardiani Recanati
|4 pbl
|9 527920
|
| 919 |
|
|
|a 80-224-0687-2
|
| 958 |
|
|
|a OND
|
| 999 |
|
|
|c 814595
|d 816525
|
| 952 |
|
|
|t P60, <03>, [BOOK], {603}
|a SNK
|b SNK
|y PREZ
|7 0
|p 17A0348911
|o snkSC 108495
|i snkKSP 8124/2002
|0 0
|1 0
|4 0
|d 2002-06-27
|f 1
|l 0
|r 2025-09-29 00:00:00
|w 2026-02-24
|
| 952 |
|
|
|t P60, <04>, [BOOK], {604}
|a SNK
|b SNK
|y VYP
|7 0
|p 17A0348912
|o snkSC 108495 D1
|i snkKSP 8125/2002
|0 0
|1 0
|4 0
|d 2002-06-27
|l 0
|r 2005-01-02 00:00:00
|w 2026-02-24
|